[Event "CAN-op"]
[Site "Sackville CAN"]
[Date "2001.07.10"]
[Round "5"]
[White "Miller, Brian"]
[Black "MacDonald, Jonathan"]
[Result "0-1"]
[WhiteElo "1792"]
[BlackElo "2150"]
[PlyCount "66"]
[GameId "2160767911564129"]
[EventDate "2001.07.07"]
[EventType "swiss"]
[EventRounds "10"]
[EventCountry "CAN"]
[SourceTitle "EXT 2006"]
[Source "ChessBase"]
[SourceDate "2005.11.24"]
[SourceVersion "1"]
[SourceVersionDate "2005.11.24"]
[SourceQuality "1"]

1. d4 Nf6 2. c4 d6 3. Nc3 e5 4. dxe5 dxe5 5. Qxd8+ Kxd8 6. Bg5 c6 7. O-O-O+ Kc7 8. e4 Nbd7 9. g3 Ng4 10. Nh3 h6 11. Bd2 Bc5 12. f3 Ne3 13. Bxe3 Bxe3+ 14. Kc2 a5 15. a4 Nc5 16. b3 Na6 17. Na2 Be6 18. Rd3 Bd4 19. Rxd4 exd4 20. Nf2 f5 21. Bh3 Rae8 22. e5 Nc5 23. Nd3 f4 24. Bxe6 Nxe6 25. gxf4 Ref8 26. Rg1 g5 27. h4 Nxf4 28. Nxf4 Rxf4 29. hxg5 hxg5 30. e6 Rh2+ 31. Kb1 Rxf3 32. Nc1 Kd6 33. Re1 Ke7 0-1

[Event "CAN-op"]
[Site "Sackville CAN"]
[Date "2001.07.10"]
[Round "5"]
[White "Nuschke, Alex"]
[Black "Quiring, John"]
[Result "0-1"]
[WhiteElo "1974"]
[BlackElo "1632"]
[PlyCount "50"]
[GameId "2160767911564131"]
[EventDate "2001.07.07"]
[EventType "swiss"]
[EventRounds "10"]
[EventCountry "CAN"]
[SourceTitle "EXT 2006"]
[Source "ChessBase"]
[SourceDate "2005.11.24"]
[SourceVersion "1"]
[SourceVersionDate "2005.11.24"]
[SourceQuality "1"]

1. e4 e5 2. Nf3 Nc6 3. Bb5 a6 4. Ba4 Nf6 5. O-O b5 6. Bb3 Be7 7. Re1 O-O 8. c3 d5 9. exd5 Nxd5 10. Nxe5 Nxe5 11. Rxe5 c6 12. d4 Bd6 13. Re1 Qh4 14. h3 Bxh3 15. gxh3 Qxh3 16. f4 Bxf4 17. Bxf4 Nxf4 18. Qd2 Qg3+ 19. Kf1 Qf3+ 20. Kg1 Rae8 21. Rxe8 Rxe8 22. Bxf7+ Kxf7 23. Na3 Ne2+ 24. Qxe2 Rxe2 25. Rf1 Rg2+ 0-1

[Event "CAN-op"]
[Site "Sackville CAN"]
[Date "2001.07.10"]
[Round "5"]
[White "Palsson, Halldor"]
[Black "Faust, Steven"]
[Result "1/2-1/2"]
[WhiteElo "2182"]
[BlackElo "1839"]
[PlyCount "62"]
[GameId "2160767911564132"]
[EventDate "2001.07.07"]
[EventType "swiss"]
[EventRounds "10"]
[EventCountry "CAN"]
[SourceTitle "EXT 2006"]
[Source "ChessBase"]
[SourceDate "2005.11.24"]
[SourceVersion "1"]
[SourceVersionDate "2005.11.24"]
[SourceQuality "1"]

1. d4 Nf6 2. c4 e6 3. Nc3 Bb4 4. Qc2 b6 5. a3 Bxc3+ 6. Qxc3 Bb7 7. Bg5 h6 8. Bh4 d6 9. f3 Nbd7 10. e3 Qe7 11. Bd3 e5 12. Be2 Ne4 13. Bxe7 Nxc3 14. bxc3 Kxe7 15. Nh3 Raf8 16. O-O f5 17. Nf2 g5 18. Bd3 h5 19. e4 f4 20. Kh1 Nf6 21. Rab1 c5 22. d5 Rb8 23. Rb2 Bc8 24. Rfb1 g4 25. a4 h4 26. fxg4 Nxg4 27. Nxg4 Bxg4 28. a5 Rhd8 29. axb6 axb6 30. Rxb6 Rxb6 31. Rxb6 Ra8 1/2-1/2

[Event "CAN-op"]
[Site "Sackville CAN"]
[Date "2001.07.10"]
[Round "5"]
[White "Parker, Laurie"]
[Black "Tsui, Edwin"]
[Result "1/2-1/2"]
[WhiteElo "1714"]
[BlackElo "1879"]
[PlyCount "31"]
[GameId "2160767911564133"]
[EventDate "2001.07.07"]
[EventType "swiss"]
[EventRounds "10"]
[EventCountry "CAN"]
[SourceTitle "EXT 2006"]
[Source "ChessBase"]
[SourceDate "2005.11.24"]
[SourceVersion "1"]
[SourceVersionDate "2005.11.24"]
[SourceQuality "1"]

1. Nf3 c5 2. e4 d6 3. c3 Nc6 4. d4 cxd4 5. cxd4 Nf6 6. Nc3 g6 7. Bb5 Bd7 8. O-O e6 9. h3 Bg7 10. Bg5 Ne7 11. e5 dxe5 12. dxe5 Nfd5 13. Nxd5 exd5 14. Bxe7 Qxe7 15. Bxd7+ Kxd7 16. Qd2 1/2-1/2

[Event "CAN-op"]
[Site "Sackville CAN"]
[Date "2001.07.10"]
[Round "5"]
[White "Phi, Tan Trao"]
[Black "Tuason, Alfred"]
[Result "1-0"]
[WhiteElo "1464"]
[BlackElo "1596"]
[PlyCount "51"]
[GameId "2160767911564134"]
[EventDate "2001.07.07"]
[EventType "swiss"]
[EventRounds "10"]
[EventCountry "CAN"]
[SourceTitle "EXT 2006"]
[Source "ChessBase"]
[SourceDate "2005.11.24"]
[SourceVersion "1"]
[SourceVersionDate "2005.11.24"]
[SourceQuality "1"]

1. Nf3 g6 2. d4 Bg7 3. e4 d6 4. Bd3 Nc6 5. Be3 Bg4 6. Nbd2 Nxd4 7. O-O e5 8. c3 Nxf3+ 9. Nxf3 Nf6 10. h3 Be6 11. Ng5 Qe7 12. f4 h6 13. fxe5 dxe5 14. Nxe6 Qxe6 15. Qa4+ Kf8 16. Bc4 Qe8 17. Qb4+ Kg8 18. Qxb7 Kh7 19. Qxc7 Rf8 20. Bc5 Rc8 21. Qxa7 Rxc5 22. Qxc5 Nxe4 23. Qd5 Nf6 24. Qb7 h5 25. a4 Bh6 26. Rxf6 1-0

[Event "CAN-op"]
[Site "Sackville CAN"]
[Date "2001.07.10"]
[Round "5"]
[White "Piggott, Scott"]
[Black "Palmer, Jordan"]
[Result "0-1"]
[WhiteElo "1469"]
[BlackElo "1765"]
[PlyCount "34"]
[GameId "2160767911564135"]
[EventDate "2001.07.07"]
[EventType "swiss"]
[EventRounds "10"]
[EventCountry "CAN"]
[SourceTitle "EXT 2006"]
[Source "ChessBase"]
[SourceDate "2005.11.24"]
[SourceVersion "1"]
[SourceVersionDate "2005.11.24"]
[SourceQuality "1"]

1. Nc3 e5 2. e4 Nf6 3. Bc4 Bb4 4. f4 Bxc3 5. dxc3 Nxe4 6. Bxf7+ Kxf7 7. Qd5+ Ke8 8. Qxe4 Qe7 9. f5 d6 10. Be3 Rf8 11. g4 Nc6 12. O-O-O Qf7 13. Kb1 g6 14. Bh6 gxf5 15. Qg2 Rg8 16. g5 Qh5 17. Nf3 Qxh6 0-1

[Event "CAN-op"]
[Site "Sackville CAN"]
[Date "2001.07.10"]
[Round "5"]
[White "Predescu, Sebastian"]
[Black "Day, Christopher"]
[Result "1-0"]
[WhiteElo "2025"]
[BlackElo "1696"]
[PlyCount "37"]
[GameId "2160767911564136"]
[EventDate "2001.07.07"]
[EventType "swiss"]
[EventRounds "10"]
[EventCountry "CAN"]
[SourceTitle "EXT 2006"]
[Source "ChessBase"]
[SourceDate "2005.11.24"]
[SourceVersion "1"]
[SourceVersionDate "2005.11.24"]
[SourceQuality "1"]

1. e4 c5 2. Nf3 d6 3. d4 cxd4 4. Nxd4 Nf6 5. Nc3 a6 6. Bc4 e6 7. Bb3 Be7 8. O-O Nbd7 9. Bxe6 O-O 10. Bb3 Nc5 11. f3 Nxb3 12. axb3 Re8 13. Kh1 h6 14. Nde2 b5 15. Nf4 Bf8 16. Nfd5 Nxd5 17. Nxd5 f5 18. exf5 Bxf5 19. Be3 1-0

[Event "CAN-op"]
[Site "Sackville CAN"]
[Date "2001.07.10"]
[Round "5"]
[White "Puiras, Jarmo"]
[Black "Kapadia, Ronak"]
[Result "0-1"]
[WhiteElo "1862"]
[BlackElo "2106"]
[PlyCount "126"]
[GameId "2160767911564137"]
[EventDate "2001.07.07"]
[EventType "swiss"]
[EventRounds "10"]
[EventCountry "CAN"]
[SourceTitle "EXT 2006"]
[Source "ChessBase"]
[SourceDate "2005.11.24"]
[SourceVersion "1"]
[SourceVersionDate "2005.11.24"]
[SourceQuality "1"]

1. e4 c6 2. f4 d5 3. exd5 cxd5 4. Nf3 Nc6 5. d4 Nf6 6. Nc3 Bg4 7. Be2 Qb6 8. Na4 Qc7 9. Be3 e6 10. a3 Bd6 11. Ne5 Bxe2 12. Qxe2 Qa5+ 13. Nc3 Ne4 14. Nxc6 bxc6 15. Bd2 Nxd2 16. Qxd2 Bb4 17. O-O Bxc3 18. Qxc3 Qxc3 19. bxc3 Rb8 20. Rab1 Ke7 21. Rb3 Rb6 22. Rfb1 Rhb8 23. Kf2 Kd6 24. Ke3 c5 25. a4 Kc6 26. Kd2 R8b7 27. g3 f6 28. h3 h6 29. Ke3 g5 30. fxg5 fxg5 31. Kf3 h5 32. g4 Rf7+ 33. Kg3 h4+ 34. Kg2 Ra6 35. Ra3 Kd6 36. Re1 Rf4 37. dxc5+ Kxc5 38. Re5 Raxa4 39. Rxa4 Rxa4 40. Rxg5 Ra2 41. Rg8 Rxc2+ 42. Kg1 Rxc3 43. Rc8+ Kd4 44. Rxc3 Kxc3 45. g5 d4 46. g6 d3 47. g7 d2 48. g8=Q d1=Q+ 49. Kf2 Qc2+ 50. Kf3 Qf5+ 51. Kg2 e5 52. Qg7 Qe4+ 53. Kf2 Qd4+ 54. Kg2 e4 55. Qc7+ Kd3 56. Qh7 Qb2+ 57. Kg1 Qc1+ 58. Kg2 Qd2+ 59. Kg1 Qe1+ 60. Kh2 Qg3+ 61. Kh1 Qxh3+ 62. Kg1 Qg4+ 63. Kf2 h3 0-1

[Event "CAN-op"]
[Site "Sackville CAN"]
[Date "2001.07.10"]
[Round "5"]
[White "Rutherford, John"]
[Black "Love, Robert"]
[Result "1-0"]
[WhiteElo "1629"]
[BlackElo "1530"]
[PlyCount "130"]
[GameId "2160767911564138"]
[EventDate "2001.07.07"]
[EventType "swiss"]
[EventRounds "10"]
[EventCountry "CAN"]

1. d4 e6 2. c4 Bb4+ 3. Bd2 Nc6 4. a3 Bxd2+ 5. Qxd2 Nf6 6. Nc3 Na5 7. Qc2 Nxc4 8. e4 Nb6 9. a4 d5 10. a5 Nbd7 11. e5 Nh5 12. Nb5 c6 13. Nd6+ Kf8 14. Nf3 Kg8 15. Qc1 Nf8 16. g4 Nf6 17. Nxc8 Ne8 18. Nd6 Nxd6 19. exd6 Qxd6 20. Qd2 Nd7 21. Bd3 g6 22. O-O f6 23. Qh6 Nf8 24. g5 Qf4 25. Be2 Qg4+ 26. Kh1 f5 27. Rae1 Re8 28. Rg1 Qf4 29. Rg3 Qc7 30. b4 a6 31. Bd3 Re7 32. Rh3 Qd6 33. Rb1 Qf4 34. Rg3 Nd7 35. Kg2 e5 36. dxe5 Rxe5 37. Nxe5 Nxe5 38. Be2 Qe4+ 39. Bf3 Qxb1 40. Qh4 Nd3 41. Qd4 Ne1+ 42. Kh3 Nxf3 43. Rxf3 Qe4 44. Rf4 Qxd4 45. Rxd4 h6 46. Kh4 hxg5+ 47. Kxg5 Kf7 48. h4 Rh5+ 49. Kf4 Rxh4+ 50. Ke3 Re4+ 51. Kd3 Kf6 52. f3 Rxd4+ 53. Kxd4 Ke6 54. f4 Kd6 55. Kd3 c5 56. bxc5+ Kxc5 57. Kc3 d4+ 58. Kd2 b5 59. axb6 Kxb6 60. Kc2 Kb5 61. Kd2 a5 62. Kd3 a4 63. Kxd4 Kb4 64. Kd3 Kb3 65. Kd2 Kb2 1-0

[Event "CAN-op"]
[Site "Sackville CAN"]
[Date "2001.07.10"]
[Round "5"]
[White "Sauve, Richard"]
[Black "Hathaway, John"]
[Result "1/2-1/2"]
[WhiteElo "1948"]
[BlackElo "2129"]
[PlyCount "100"]
[GameId "2160767911564139"]
[EventDate "2001.07.07"]
[EventType "swiss"]
[EventRounds "10"]
[EventCountry "CAN"]
[SourceTitle "EXT 2006"]
[Source "ChessBase"]
[SourceDate "2005.11.24"]
[SourceVersion "1"]
[SourceVersionDate "2005.11.24"]
[SourceQuality "1"]

1. d4 Nf6 2. c4 g6 3. Nc3 Bg7 4. e4 d6 5. f3 O-O 6. Be3 e5 7. d5 Nh5 8. Qd2 f5 9. exf5 gxf5 10. Bd3 Na6 11. O-O-O f4 12. Bf2 Nc5 13. Bxc5 dxc5 14. Ne4 b6 15. Ne2 Nf6 16. Nxf6+ Qxf6 17. Nc3 Bf5 18. Bxf5 Qxf5 19. Ne4 Rad8 20. Qc2 Kh8 21. Qa4 a5 22. Qc6 Qd7 23. Qxd7 Rxd7 24. Rd3 h6 25. Rhd1 Bf6 26. d6 c6 27. Rb3 Bd8 28. Rbd3 Rg8 29. R3d2 Rg6 30. Re2 Kg7 31. Kc2 Kf7 32. b3 Bh4 33. a3 Bf6 34. Kc3 Rg8 35. b4 cxb4+ 36. axb4 Ra8 37. bxa5 Rxa5 38. Rb2 Ra3+ 39. Rb3 Ra6 40. Rdb1 Bd8 41. Rd1 Ra2 42. Rd2 Ra5 43. Rbb2 Ra3+ 44. Kc2 Ke6 45. Kb1 Ra4 46. Rdc2 Rda7 47. Ra2 Rxa2 48. Rxa2 Rxa2 49. Kxa2 Bh4 50. Kb3 Be1 1/2-1/2

[Event "CAN-op"]
[Site "Sackville CAN"]
[Date "2001.07.10"]
[Round "5"]
[White "Smith, Andrew"]
[Black "Strub, Michael"]
[Result "0-1"]
[WhiteElo "1922"]
[BlackElo "1690"]
[PlyCount "94"]
[GameId "2160767911564140"]
[EventDate "2001.07.07"]
[EventType "swiss"]
[EventRounds "10"]
[EventCountry "CAN"]

1. Nf3 Nf6 2. b3 g6 3. Bb2 Bg7 4. c4 O-O 5. Qc2 d6 6. g3 Bf5 7. d3 c5 8. Bg2 Qd7 9. Nc3 Nc6 10. O-O Bh3 11. Rad1 Bxg2 12. Kxg2 Ne8 13. e3 e5 14. Ne2 f5 15. d4 e4 16. Ne1 Qc7 17. Nf4 Qf7 18. Qe2 Nf6 19. h4 h6 20. Rh1 a6 21. Nc2 Rfb8 22. dxc5 dxc5 23. Rd6 Rd8 24. Rhd1 Rxd6 25. Rxd6 g5 26. Ne6 Ne8 27. Nxg7 Nxd6 28. hxg5 hxg5 29. Qd2 Ne8 30. Nxe8 Rxe8 31. Qc3 Kf8 32. b4 cxb4 33. Nxb4 Nxb4 34. Qxb4+ Qe7 35. Qc3 Qf7 36. Qh8+ Ke7 37. Ba3+ Kd8 38. Qd4+ Qd7 39. Qf6+ Kc8 40. Bd6 Re6 41. Qf8+ Qd8 42. Qxd8+ Kxd8 43. Bb4 g4 44. c5 Rh6 45. Kf1 Kd7 46. Ke2 Kc6 47. a4 Rh1 0-1

[Event "CAN-op"]
[Site "Sackville CAN"]
[Date "2001.07.10"]
[Round "5"]
[White "Sullivan, Brian"]
[Black "Kenney, Jason"]
[Result "0-1"]
[WhiteElo "1738"]
[BlackElo "2077"]
[PlyCount "79"]
[GameId "2160767911564141"]
[EventDate "2001.07.07"]
[EventType "swiss"]
[EventRounds "10"]
[EventCountry "CAN"]
[SourceTitle "EXT 2006"]
[Source "ChessBase"]
[SourceDate "2005.11.24"]
[SourceVersion "1"]
[SourceVersionDate "2005.11.24"]
[SourceQuality "1"]

1. e4 c5 2. Nf3 Nc6 3. Bc4 g6 4. O-O Bg7 5. c3 Qb6 6. Na3 d6 7. d3 Nf6 8. Bb3 O-O 9. Nc4 Qc7 10. h3 b5 11. Ne3 e6 12. Re1 Rb8 13. Nf1 Nd7 14. Bf4 Ne7 15. Rc1 h6 16. Qd2 Kh7 17. Bc2 e5 18. Bh2 Nb6 19. b3 Bb7 20. d4 c4 21. Qd1 Rbd8 22. d5 f5 23. exf5 gxf5 24. g4 Bxd5 25. gxf5 Bf6 26. Be4 Rg8+ 27. Kh1 Bxe4 28. Rxe4 Qc8 29. Ng3 Nxf5 30. Rg4 Nxg3+ 31. fxg3 Rxg4 32. hxg4 Qxg4 33. Qf1 Qg6 34. Rd1 Be7 35. Rd2 Rf8 36. Rf2 Kg7 37. g4 Qe4 38. Qh3 Nd5 39. Kg1 Nxc3 40. g5 0-1

[Event "CAN-op"]
[Site "Sackville CAN"]
[Date "2001.07.10"]
[Round "5"]
[White "Urquhart, Eddie"]
[Black "Laforest, Gilles"]
[Result "1-0"]
[WhiteElo "2233"]
[BlackElo "1488"]
[PlyCount "45"]
[GameId "2160767911564142"]
[EventDate "2001.07.07"]
[EventType "swiss"]
[EventRounds "10"]
[EventCountry "CAN"]
[SourceTitle "EXT 2006"]
[Source "ChessBase"]
[SourceDate "2005.11.24"]
[SourceVersion "1"]
[SourceVersionDate "2005.11.24"]
[SourceQuality "1"]

1. e4 e5 2. Nf3 Nf6 3. Nc3 Nc6 4. Nd5 Bc5 5. Bc4 O-O 6. d4 exd4 7. O-O Nxe4 8. Re1 Re8 9. Qd3 Nb4 10. Nxb4 Bxb4 11. Rxe4 Be7 12. Bg5 d5 13. Rxe7 dxc4 14. Qxd4 f6 15. Qxc4+ Kh8 16. Rxe8+ Qxe8 17. Re1 Qd7 18. Bf4 c6 19. Qd3 g5 20. Bd6 Qd8 21. Nxg5 fxg5 22. Be5+ Kg8 23. Qxd8+ 1-0

[Event "CAN-op"]
[Site "Sackville CAN"]
[Date "2001.07.10"]
[Round "5"]
[White "Wang, Hao Yuan"]
[Black "Keep, Richard"]
[Result "1-0"]
[WhiteElo "2156"]
[BlackElo "1818"]
[PlyCount "49"]
[GameId "2160767911564143"]
[EventDate "2001.07.07"]
[EventType "swiss"]
[EventRounds "10"]
[EventCountry "CAN"]
[SourceTitle "EXT 2006"]
[Source "ChessBase"]
[SourceDate "2005.11.24"]
[SourceVersion "1"]
[SourceVersionDate "2005.11.24"]
[SourceQuality "1"]

1. e4 c6 2. d4 d5 3. exd5 cxd5 4. Bd3 Nf6 5. c3 Nc6 6. Bg5 e6 7. Nf3 Be7 8. Nbd2 h6 9. Bh4 Bd7 10. O-O O-O 11. Ne5 Ne8 12. Bxe7 Qxe7 13. f4 Nd6 14. Qf3 Be8 15. f5 Qf6 16. Ng4 Qd8 17. f6 Nf5 18. Bxf5 exf5 19. Nxh6+ Kh8 20. fxg7+ Kxg7 21. Nxf5+ Kg6 22. Qh3 Qg5 23. Nf3 Qh5 24. N3h4+ Kf6 25. Ng3+ 1-0

[Event "CAN-op"]
[Site "Sackville CAN"]
[Date "2001.07.10"]
[Round "5"]
[White "Zimninski, Nick"]
[Black "Hensel, George"]
[Result "1-0"]
[WhiteElo "1840"]
[BlackElo "1709"]
[PlyCount "39"]
[GameId "2160767911564144"]
[EventDate "2001.07.07"]
[EventType "swiss"]
[EventRounds "10"]
[EventCountry "CAN"]
[SourceTitle "EXT 2006"]
[Source "ChessBase"]
[SourceDate "2005.11.24"]
[SourceVersion "1"]
[SourceVersionDate "2005.11.24"]
[SourceQuality "1"]

1. d4 c6 2. e4 d5 3. Nd2 dxe4 4. Nxe4 Bf5 5. Ng3 Bg6 6. Nf3 e6 7. Bd3 Bd6 8. O-O Nd7 9. Re1 Bxd3 10. Qxd3 h6 11. d5 Nc5 12. Qd4 Bxg3 13. hxg3 b6 14. Qxg7 Qf6 15. Qxf6 Nxf6 16. dxe6 Nxe6 17. Nd4 O-O-O 18. Nxe6 Rhe8 19. Bxh6 fxe6 20. Bg5 1-0

[Event "CAN-op"]
[Site "Sackville CAN"]
[Date "2001.07.10"]
[Round "5.45"]
[White "Bowles, Charles"]
[Black "Strojevs, Alexander"]
[Result "1-0"]
[WhiteElo "1609"]
[BlackElo "1809"]
[PlyCount "96"]
[GameId "2160767911564145"]
[EventDate "2001.07.07"]
[EventType "swiss"]
[EventRounds "10"]
[EventCountry "CAN"]

1. Nf3 Nf6 2. g3 g6 3. Bg2 Bg7 4. O-O O-O 5. d4 d5 6. Nc3 c6 7. Re1 Nbd7 8. Bg5 h6 9. Bd2 Kh7 10. e4 dxe4 11. Nxe4 Nxe4 12. Rxe4 Nf6 13. Re1 Re8 14. Ba5 Qxa5 15. Ne5 Be6 16. c3 Rad8 17. b4 Qc7 18. Qc2 Bf5 19. Qa4 a6 20. Nxf7 Rc8 21. Ne5 Nd7 22. Nf3 e5 23. Nh4 Be6 24. Qc2 Bf7 25. Be4 Nf8 26. Rf1 exd4 27. f4 dxc3 28. f5 Bd4+ 29. Kh1 Bd5 30. Bxd5 cxd5 31. fxg6+ Kg8 32. Rf7 Qd6 33. Raf1 Re4 34. Nf5 Qxg6 35. Qxe4 dxe4 36. Ne7+ Kh8 37. Rxf8+ Rxf8 38. Nxg6+ Kg7 39. Nxf8 Be3 40. Ne6+ Kg6 41. Nf4+ Kg5 42. Ne2 Bd2 43. Kg2 b6 44. h3 a5 45. b5 Kg6 46. a4 Kg7 47. Nd4 Kg6 48. Rf8 e3 1-0

[Event "CAN-op"]
[Site "Sackville CAN"]
[Date "2001.07.11"]
[Round "6"]
[White "Angers, Gilles"]
[Black "Nunes, Garvin"]
[Result "1-0"]
[WhiteElo "1794"]
[BlackElo "1790"]
[PlyCount "53"]
[GameId "2160767911564146"]
[EventDate "2001.07.07"]
[EventType "swiss"]
[EventRounds "10"]
[EventCountry "CAN"]
[SourceTitle "EXT 2006"]
[Source "ChessBase"]
[SourceDate "2005.11.24"]
[SourceVersion "1"]
[SourceVersionDate "2005.11.24"]
[SourceQuality "1"]

1. e4 c6 2. d4 d5 3. exd5 cxd5 4. c4 Nf6 5. Nc3 e6 6. Nf3 Bb4 7. a3 Bxc3+ 8. bxc3 O-O 9. Bd2 b6 10. Ne5 Bb7 11. f3 Nc6 12. Bg5 Qd6 13. Bxf6 gxf6 14. Ng4 Qf4 15. g3 Qg5 16. f4 Qg7 17. cxd5 exd5 18. Kf2 Na5 19. Ne3 Rfe8 20. Nf5 Qf8 21. Qh5 Nc4 22. Bd3 Re4 23. Bxe4 dxe4 24. Qg4+ Kh8 25. Qh4 e3+ 26. Ke2 Kg8 27. Qxf6 1-0

[Event "CAN-op"]
[Site "Sackville CAN"]
[Date "2001.07.11"]
[Round "6"]
[White "Arsenault, Normand"]
[Black "Deimert, David"]
[Result "0-1"]
[WhiteElo "1545"]
[BlackElo "1250"]
[PlyCount "76"]
[GameId "2160767911564147"]
[EventDate "2001.07.07"]
[EventType "swiss"]
[EventRounds "10"]
[EventCountry "CAN"]
[SourceTitle "EXT 2006"]
[Source "ChessBase"]
[SourceDate "2005.11.24"]
[SourceVersion "1"]
[SourceVersionDate "2005.11.24"]
[SourceQuality "1"]

1. c4 e5 2. g3 Nf6 3. Bg2 Nc6 4. e3 Bb4 5. a3 Be7 6. Ne2 d5 7. cxd5 Nxd5 8. O-O Be6 9. Nbc3 Qd7 10. e4 Nxc3 11. bxc3 Bh3 12. Bb2 Bxg2 13. Kxg2 h5 14. d4 exd4 15. cxd4 h4 16. d5 Nd8 17. Bxg7 h3+ 18. Kh1 Qg4 19. Nf4 Qxg7 20. Qc2 Bd6 21. Qd2 Qg4 22. f3 Qd7 23. Rfe1 b6 24. e5 Bc5 25. Re4 Ne6 26. Qa2 O-O-O 27. Rd1 Nxf4 28. Rxf4 Rhe8 29. Re4 Qf5 30. Qe2 Kb7 31. g4 Qg6 32. a4 Re7 33. f4 Red7 34. f5 Qg7 35. Qc4 a5 36. f6 Qh7 37. g5 Qf5 38. e6 Qf3# 0-1

[Event "CAN-op"]
[Site "Sackville CAN"]
[Date "2001.07.11"]
[Round "6"]
[White "Berman, Daniel"]
[Black "Davidson, Brian"]
[Result "1-0"]
[WhiteElo "2131"]
[BlackElo "1806"]
[PlyCount "73"]
[GameId "2160767911564148"]
[EventDate "2001.07.07"]
[EventType "swiss"]
[EventRounds "10"]
[EventCountry "CAN"]
[SourceTitle "EXT 2006"]
[Source "ChessBase"]
[SourceDate "2005.11.24"]
[SourceVersion "1"]
[SourceVersionDate "2005.11.24"]
[SourceQuality "1"]

1. e4 c5 2. c3 d6 3. d4 cxd4 4. cxd4 Nf6 5. Nc3 e6 6. Nf3 Be7 7. h3 a6 8. Bg5 Nc6 9. Rc1 h6 10. Bf4 d5 11. e5 Nd7 12. Qd2 f6 13. exf6 Bxf6 14. Be2 O-O 15. O-O Nb6 16. b3 Bd7 17. Qe3 Qe7 18. Rfe1 Qb4 19. Red1 Rf7 20. Be5 Nxe5 21. dxe5 Bd8 22. Rd4 Qf8 23. Rg4 Kh8 24. Bd3 Be8 25. Ne2 Rc8 26. Nf4 Rfc7 27. Rxc7 Rxc7 28. Nxe6 Qa3 29. Nxd8 Rc1+ 30. Kh2 Rc3 31. Qxb6 Rxd3 32. Qd6 Qxd6 33. exd6 Rc3 34. Nf7+ Kh7 35. N7e5 Rc8 36. d7 Bxd7 37. Nxd7 1-0

[Event "CAN-op"]
[Site "Sackville CAN"]
[Date "2001.07.11"]
[Round "6"]
[White "Bowerman, Robert"]
[Black "Zimninski, Nick"]
[Result "1-0"]
[WhiteElo "2072"]
[BlackElo "1840"]
[PlyCount "45"]
[GameId "2160767911564149"]
[EventDate "2001.07.07"]
[EventType "swiss"]
[EventRounds "10"]
[EventCountry "CAN"]
[SourceTitle "EXT 2006"]
[Source "ChessBase"]
[SourceDate "2005.11.24"]
[SourceVersion "1"]
[SourceVersionDate "2005.11.24"]
[SourceQuality "1"]

1. d4 d5 2. c4 dxc4 3. e3 e5 4. Bxc4 Bb4+ 5. Nc3 exd4 6. exd4 Nf6 7. Nf3 Qe7+ 8. Be3 O-O 9. O-O Bg4 10. Bg5 Nbd7 11. Nd5 Qd6 12. Bf4 Qc6 13. Qb3 Bd6 14. Ne5 Nxe5 15. dxe5 Nxd5 16. Bxd5 Qc5 17. exd6 cxd6 18. Rac1 Qd4 19. Bxd6 Rad8 20. Bxf8 Rxd5 21. Ba3 b6 22. h3 Bh5 23. Qxd5 1-0

[Event "CAN-op"]
[Site "Sackville CAN"]
[Date "2001.07.11"]
[Round "6"]
[White "Brun, Jacques L"]
[Black "Phi, Tan Trao"]
[Result "1-0"]
[WhiteElo "1796"]
[BlackElo "1464"]
[PlyCount "61"]
[GameId "2160767911564151"]
[EventDate "2001.07.07"]
[EventType "swiss"]
[EventRounds "10"]
[EventCountry "CAN"]
[SourceTitle "EXT 2006"]
[Source "ChessBase"]
[SourceDate "2005.11.24"]
[SourceVersion "1"]
[SourceVersionDate "2005.11.24"]
[SourceQuality "1"]

1. e4 c6 2. d4 d5 3. Nc3 dxe4 4. Nxe4 Bf5 5. Ng3 Bg6 6. h4 h6 7. h5 Bh7 8. Nf3 Nf6 9. Bd3 Bxd3 10. Qxd3 e6 11. Bd2 Be7 12. O-O-O O-O 13. Ne4 Nbd7 14. Rdg1 Ng4 15. Nh2 Ndf6 16. Nxg4 Nxg4 17. f3 Qd5 18. Nc3 Qf5 19. Qxf5 exf5 20. fxg4 fxg4 21. Rf1 Rad8 22. Ne2 f5 23. Nf4 Rf6 24. Ng6 Re6 25. Re1 Rxe1+ 26. Rxe1 Bf6 27. c3 b5 28. Ne7+ Kf7 29. Nxc6 Ra8 30. Ne5+ Ke6 31. Nxg4+ 1-0

[Event "CAN-op"]
[Site "Sackville CAN"]
[Date "2001.07.11"]
[Round "6"]
[White "Campbell, Jamie"]
[Black "Martin, Steve"]
[Result "0-1"]
[WhiteElo "1549"]
[BlackElo "1759"]
[PlyCount "44"]
[GameId "2160767911564152"]
[EventDate "2001.07.07"]
[EventType "swiss"]
[EventRounds "10"]
[EventCountry "CAN"]
[SourceTitle "EXT 2006"]
[Source "ChessBase"]
[SourceDate "2005.11.24"]
[SourceVersion "1"]
[SourceVersionDate "2005.11.24"]
[SourceQuality "1"]

1. g3 e5 2. Bg2 d5 3. Nf3 Nc6 4. d3 Nf6 5. O-O Be6 6. Nbd2 h6 7. e4 dxe4 8. Nxe4 Nxe4 9. dxe4 Qxd1 10. Rxd1 Nb4 11. Nxe5 Nxc2 12. Be3 Nxa1 13. Rxa1 Bd6 14. Nd3 c6 15. e5 Bc7 16. f4 Bb6 17. Bf2 Bf5 18. Bxb6 axb6 19. Nb4 O-O 20. a3 Rfd8 21. Na2 Rd2 22. b4 Rxa3 0-1

[Event "CAN-op"]
[Site "Sackville CAN"]
[Date "2001.07.11"]
[Round "6"]
[White "Candow, John"]
[Black "Haley, Phil"]
[Result "1-0"]
[WhiteElo "1655"]
[BlackElo "1880"]
[PlyCount "49"]
[GameId "2160767911564153"]
[EventDate "2001.07.07"]
[EventType "swiss"]
[EventRounds "10"]
[EventCountry "CAN"]

1. d4 d6 2. e4 g6 3. c4 Bg7 4. Nc3 c5 5. d5 Nf6 6. Be2 a6 7. a4 Qa5 8. Bd2 Qb6 9. a5 Qd8 10. f4 Qc7 11. Bd3 Bg4 12. Nf3 Bxf3 13. Qxf3 Nbd7 14. O-O h6 15. Na4 g5 16. Nb6 Rd8 17. Nxd7 Nxd7 18. e5 gxf4 19. e6 Nf6 20. Qxf4 fxe6 21. dxe6 Rb8 22. Qg3 Bf8 23. Qg6+ Kd8 24. Bc3 Kc8 25. Rxf6 1-0

[Event "CAN-op"]
[Site "Sackville CAN"]
[Date "2001.07.11"]
[Round "6"]
[White "Chang, Martin1"]
[Black "Richard, Andy"]
[Result "1-0"]
[WhiteElo "1829"]
[BlackElo "1675"]
[PlyCount "77"]
[GameId "2160767911564154"]
[EventDate "2001.07.07"]
[EventType "swiss"]
[EventRounds "10"]
[EventCountry "CAN"]
[SourceTitle "EXT 2006"]
[Source "ChessBase"]
[SourceDate "2005.11.24"]
[SourceVersion "1"]
[SourceVersionDate "2005.11.24"]
[SourceQuality "1"]

1. e4 Nc6 2. d4 d5 3. exd5 Qxd5 4. Nf3 Bg4 5. Be2 e6 6. O-O Nf6 7. h3 Bh5 8. c4 Qd7 9. Nc3 Bg6 10. Be3 Rd8 11. a3 Be7 12. Ne5 Qc8 13. Qa4 O-O 14. Nxc6 bxc6 15. Qxc6 Rd6 16. Qa4 Ra6 17. Qd1 Rd8 18. Qc1 c5 19. dxc5 Bxc5 20. Bxc5 Qxc5 21. b4 Qe5 22. c5 Rc6 23. Bf3 Ne4 24. Nxe4 Bxe4 25. Bxe4 Qxe4 26. Re1 Qf5 27. Rd1 Rcc8 28. Ra2 h6 29. Rad2 Re8 30. Qc2 Qf4 31. Rd6 Qe5 32. c6 Qf6 33. b5 g6 34. a4 Kg7 35. a5 Ra8 36. b6 axb6 37. axb6 Ra1 38. c7 Rxd1+ 39. Rxd1 1-0